00486nam a22001577a 450000500170000000800410001702000180005805000130007610000220008924501040011126000250021530000380024070000200027894200150029899900150031320260318095701.0260318b |||||||| |||| 00| 0 eng d a9780256124545 aHD31 MEA aMealiea, Laird W. aSkills for Managerial Success:btheory, experience, and practicecLaird W. Mealiea & Gary P. Latham aChicagobIrwinc1996 axix. 700p.bill. some colorc23cm aLatham, Gary P. 2lcccBKn0 c9091d9091